000 00301nam a22001337a 4500
008 170602b xxu||||| |||| 00| 0 eng d
020 _a9781859738078
041 _aeng
080 _a94(4)
100 _a17
101 _aSHH
245 _aAL-QAIDA'S JIHAD IN EUROPE
_cKOHLMANN, E.F
942 _2udc
_cBK
999 _c15700
_d15700